00934nam a2200229 a 450000100100000000500170001000800410002702000150006804000250008308200150010810000430012324500960016626000720026230000210033449000250035550000740038050400310045470000570048583000320054295201130057499900170068700004159520201002035646.0131011s2003 sp 000 0 spa d a840008165X aDO-SdBNPbspacBNPHU axxxbL112L1 aLabajo González, Ma. Trinidad96836310aLecturas /cMa. Trinidad Labajo González ; prólogo Alberto Sánchez Álvarez-Insúa. aMadrid :bConsejo Superior de Investigaciones Científicas,c2003. a407 p. ;c22 cm.1 aLiteratura brevev11 aIncluye referencias bibliográficas y notas al pie de las páginas. aBibliografía: p. 397-4071 aÁlvarez-Insúa, Alberto Sánchezepról.968364 0aLiteratura breven11968365 001050718MOaGRbGRcCTd2013-10-11iLF1l0oxxx L112Lp41595-10r2020-06-25w2020-06-25y1ZNo se presta c41085d41085